Oral traditions and written record in classical Athens
| Published in: | Cambridge studies in oral and literate culture |
|---|---|
| Main Author: | |
| Content type: | Book |
| Published: |
Cambridge:
Univ. Pr.
1990
|
| Edition: | Repr |
| Series: | Cambridge studies in oral and literate culture ; 18 |
| Source: | MPIPL_cat |
MARC
| LEADER | 00000nam a2200000 ub4500 | ||
|---|---|---|---|
| 001 | PL0051780 | ||
| 003 | PLI01000000000000000051522 | ||
| 005 | 00000000000000.0 | ||
| 008 | ||| u | ||
| 020 | |a 0-521-35025-5 | ||
| 020 | |a 9780521350259 | ||
| 090 | |a 216-Tho/1 | ||
| 100 | 1 | |a Thomas, Rosalind | |
| 245 | 0 | 0 | |a Oral traditions and written record in classical Athens |c Rosalind Thomas |
| 250 | |a Repr. | ||
| 260 | |a Cambridge |b Univ. Pr. |c 1990 | ||
| 300 | |a XIII, 321 S. | ||
| 490 | 0 | |a Cambridge studies in oral and literate culture |v 18 | |
| 830 | 0 | |w PL0000945 | |
| 852 | |c 216-Tho/1 |m BOOK | ||